000 00791nam a22002175a 4500
003 OSt
005 20170403141554.0
008 160922s2015 ua frb 000 0 ara d
040 _aEG-ScBUE
_bara
_cEG-ScBUE
_dEG-ScBUE
082 0 4 _a345.0268
_bع م ر
_222
100 1 _aعمر، شريف محمد محمد.
245 1 0 _aجريمة غسل الأموال :
_bدراسة مقارنة /
_cشريف محمد محمد عمر.
250 _aط. 1.
260 _aالقاهرة :
_bدار النهضة العربية،
_c2015.
300 _a813 ص. ؛
_c24 سم.
504 _aيشتمل على إرجاعات ببليوجرافية.
650 0 _aغسيل الأموال
_xقوانين وتشريعات.
_2BUEsh
651 _2BUEsh
653 _bLLAAWW
_cFebruary2017
_cApril2017
942 _2ddc
999 _c24056
_d24028